000 00374nam a2200145Ia 4500
008 191201s2010 xx 000 0 und d
082 _a658.022
_bDES
100 _aDESAI, Vasant
245 0 _aSmall Scale Industries and Entrepreneurship
250 _aRep
260 _aN.Delhi
_bHimalaya Publication House
_c2010
300 _a781
650 _aB.Tech(ME)
942 _2ddc
_cBK
999 _c4254
_d4254